| 000 | 00357nam a22001337a 4500 | ||
|---|---|---|---|
| 008 | 180925b xxu||||| |||| 00| 0 eng d | ||
| 020 | _a9780801480959 | ||
| 041 | _aeng | ||
| 080 | _a316 | ||
| 100 | _a50 | ||
| 101 | _aSOC | ||
| 245 |
_aEnds Of Empire Women And Ideology In Early Eighteenth Crntury English Literature _cBrown.L |
||
| 942 |
_2udc _cBK |
||
| 999 |
_c48453 _d48453 |
||